Statistics for Top 20 Words Starting with ST

Click here to take the quiz!

General Stats

  • This quiz has been taken 754 times
  • The average score is 8 of 20

Answer Stats

freqword% Correct
430stop
84%
738start
76%
463stand
75%
321stay
72%
780still
62%
284step
57%
935state
46%
459staff
45%
195stone
45%
439street
44%
359strong
42%
384stage
33%
321story
29%
237style
27%
643study
26%
299student
21%
280standard
20%
244station
20%
238statement
11%
327structure
4%

Score Distribution

Percentile by Number Answered

Percent of People with Each Score

Your Score History

You have not taken this quiz